Application of compressive sensing for efficient spectrum sensing and detection using cognitive radio (Record no. 211165)

000 -LEADER
fixed length control field 00718 a2200181 4500
003 - CONTROL NUMBER IDENTIFIER
control field Nust
005 - DATE AND TIME OF LATEST TRANSACTION
control field 20170207165240.0
040 ## - CATALOGING SOURCE
Transcribing agency Nust
082 ## - DEWEY DECIMAL CLASSIFICATION NUMBER
Classification number 621.382
100 ## - MAIN ENTRY--PERSONAL NAME
Personal name Iqbal,Nadia (MSEE-17)
245 ## - TITLE STATEMENT
Title Application of compressive sensing for efficient spectrum sensing and detection using cognitive radio
Statement of responsibility, etc. Nadia Iqbal
260 ## - PUBLICATION, DISTRIBUTION, ETC.
Place of publication, distribution, etc. Rawalpindi
Name of publisher, distributor, etc. MCS,NUST
Date of publication, distribution, etc. March-2014
300 ## - PHYSICAL DESCRIPTION
Extent x,84 ,p;
505 ## - FORMATTED CONTENTS NOTE
Formatted contents note Introduction (page-1) Literature review (page-7) Spectrum sensing using CR (page-14) Compressive sensing and detection of wideband spectrum using CR (page-34) Simulation and results (page-56) Conclusion and future workk (page-75)
538 ## - SYSTEM DETAILS NOTE
System details note Almirah No,69 Shelf No,3
650 ## - SUBJECT ADDED ENTRY--TOPICAL TERM
Topical term or geographic name entry element PG Thesis
651 ## - SUBJECT ADDED ENTRY--GEOGRAPHIC NAME
Geographic name MSEE-17
942 ## - ADDED ENTRY ELEMENTS (KOHA)
Koha item type
Holdings
Withdrawn status Lost status Source of classification or shelving scheme Damaged status Not for loan Collection code Permanent Location Current Location Date acquired Total Checkouts Full call number Barcode Date last seen Price effective from Koha item type
            Military College of Signals (MCS) Military College of Signals (MCS) 12/12/2016   621.382 IQB MCSTEE-217 12/08/2016 12/12/2016 Book
© 2023 Central Library, National University of Sciences and Technology. All Rights Reserved.